QCM auteurs n°5 - Statistiques

Statistiques générales
  • Ce quiz a été pris 131 fois
  • Le résultat moyen est 13 sur 20
Statistiques - réponses
Question Réponse % Correct
Le Père Goriot Honoré de Balzac
100%
Cyrano de Bergerac Edmond Rostand
92%
Bel-Ami Guy de Maupassant
92%
Mein Kampf (Mon combat) Adolphe Hitler
83%
Yvain, le Chevalier au lion Chrétien de Troyes
75%
Le Ventre de Paris Émile Zola
75%
La Princesse de Montpensier Madame de La Fayette
75%
Le jeu de l'amour et du hasard Pierre Carlet de Chamblain de Marivaux
75%
Sido Colette
67%
La planète des singes Pierre Boulle
67%
James et la grosse pêche Roald Dahl
58%
Altaveran : les cinq protecteurs Alexandra Rossi
50%
Attentat Amélie Nothomb
50%
Le parti pris des choses Francis Ponge
50%
La Belle et la Bête Madame Leprince de Beaumont
50%
Vendredi ou la vie sauvage Michel Tournier
50%
Pour un instant d'éternité Gilles Legardinier
42%
« Dors ! » Marceline Desbordes-Valmore
42%
Nous n'irons plus au bois Mary Higgins Clark
42%
Wonder R. J. Palacio
42%
Aucun quiz correspondant
Distribution des résultats
% des personnes avec chaque résultat
Percentile par nombre de réponses
Votre historique - résultats
Vous n’avez pas pris ce quiz